[Event "Hong Kong Blitz op"]
[Site "Hong Kong"]
[Date "2024.12.29"]
[Round "8"]
[White "Castrillon Gomez, Melissa"]
[Black "Zhao, Liming"]
[Result "0-1"]
[WhiteElo "2051"]
[BlackElo "1854"]
[PlyCount "102"]
[EventDate "2024.12.29"]
[EventType "swiss (blitz)"]
[EventRounds "9"]
[EventCountry "HKG"]
[SourceTitle "CB01_2025"]
[SourceDate "2025.01.01"]
[SourceVersion "1"]
[SourceVersionDate "2025.01.01"]
[SourceQuality "1"]

1. d4 d5 2. c4 c6 3. Nf3 Nf6 4. e3 e6 5. Bd3 Nbd7 6. 0-0 dxc4 7. Bxc4 b5 8. Bd3 Bb7 9. e4 a6 10. a4 b4 11. e5 Nd5 12. Nbd2 c5 13. Nc4 cxd4 14. Nxd4 Be7 15. Qg4 Kf8 16. Rd1 Qc7 17. Qe2 Rd8 18. Bd2 N7b6 19. Rac1 Nxc4 20. Bxc4 Qb6 21. Bxd5 Bxd5 22. Be3 Qb7 23. f3 h6 24. Bf2 g6 25. a5 Kg7 26. Ra1 Rc8 27. Rdc1 Rhd8 28. Be3 h5 29. Qf2 Kh7 30. Qg3 Bc5 31. Qf4 Bxd4 32. Bxd4 Bc4 33. Be3 Qd5 34. Qh6+ Kg8 35. Qg5 Qd3 36. Bf2 Qe2 37. Re1 Qxb2 38. Qf6 Rd2 39. Qh4 b3 40. Qg3 Qc2 41. Be3 Re2 42. Rac1 Qb2 43. Rb1 Qc2 44. Rec1 Qd3 45. Bg5 b2 46. Rd1 Qc2 47. Bf6 Ba2 48. Qg5 Bxb1 49. Qh6 Rxg2+ 50. Kh1 Rxh2+ 51. Kg1 Qg2# 0-1

[Event "Hong Kong Blitz op"]
[Site "Hong Kong"]
[Date "2024.12.29"]
[Round "9"]
[White "Zhao, Liming"]
[Black "Jin, Yueheng"]
[Result "0-1"]
[WhiteElo "1854"]
[BlackElo "1991"]
[PlyCount "50"]
[EventDate "2024.12.29"]
[EventType "swiss (blitz)"]
[EventRounds "9"]
[EventCountry "HKG"]
[SourceTitle "CB01_2025"]
[SourceDate "2025.01.01"]
[SourceVersion "1"]
[SourceVersionDate "2025.01.01"]
[SourceQuality "1"]

1. d4 d5 2. c4 e6 3. Nf3 a6 4. Qc2 Nf6 5. g3 dxc4 6. Qxc4 b5 7. Qc2 Bb7 8. Bf4 Bb4+ 9. Nbd2 Nc6 10. e3 h6 11. h4 Nxd4 12. exd4 Bxf3 13. Rg1 Qxd4 14. a3 Ne4 15. Be3 Bxd2+ 16. Qxd2 Nxd2 17. Bxd4 Nb3 18. Bxg7 Rg8 19. Rb1 Rxg7 20. Be2 Nd4 21. Bd1 Rd8 22. Rc1 Bxd1 23. Rxd1 Nf3+ 24. Ke2 Nxg1+ 25. Rxg1 Rg4 0-1

[Event "Hong Kong op"]
[Site "Hong Kong"]
[Date "2024.12.27"]
[Round "1"]
[White "Cai, Songliang"]
[Black "Zhao, Liming"]
[Result "1/2-1/2"]
[WhiteElo "2145"]
[BlackElo "1854"]
[PlyCount "65"]
[EventDate "2024.12.27"]
[EventType "swiss"]
[EventRounds "9"]
[EventCountry "HKG"]
[SourceTitle "CB02_2025"]
[SourceDate "2025.01.08"]
[SourceVersion "1"]
[SourceVersionDate "2025.01.08"]
[SourceQuality "1"]

1. d4 d5 2. c4 c6 3. Nf3 Nf6 4. g3 Bf5 5. Bg2 e6 6. Nbd2 h6 7. 0-0 Nbd7 8. b3 Bd6 9. Bb2 Qc7 10. Re1 Ne4 11. Nxe4 Bxe4 12. Nd2 Bxg2 13. Kxg2 f5 14. f3 0-0 15. e4 Rae8 16. exd5 exd5 17. Qc2 Qd8 18. Qd3 Qg5 19. f4 Qh5 20. Nf3 Nf6 21. Ne5 a6 22. Qe2 Qxe2+ 23. Rxe2 Ne4 24. cxd5 cxd5 25. Rc2 g5 26. Rac1 gxf4 27. gxf4 Kh7 28. Kf3 Rg8 29. Bc3 Ba3 30. Bb2 Bd6 31. Bc3 Ba3 32. Bb2 Bd6 33. Bc3 1/2-1/2

[Event "Shenzhen Guangming"]
[Site "Shenzhen"]
[Date "2024.10.28"]
[Round "6"]
[White "Dai, Dongliang"]
[Black "Zhao, Liming"]
[Result "0-1"]
[WhiteElo "1656"]
[BlackElo "1818"]
[PlyCount "90"]
[EventDate "2024.10.26"]
[EventType "swiss"]
[EventRounds "9"]
[EventCountry "CHN"]
[SourceTitle "CB45_2024"]
[Source "ChessBase"]
[SourceDate "2024.11.06"]
[SourceVersion "1"]
[SourceVersionDate "2024.11.06"]
[SourceQuality "1"]

1. d4 d5 2. Nf3 Nf6 3. g3 Bf5 4. Bg2 e6 5. 0-0 Be7 6. c4 c6 7. Nbd2 h6 8. a3 Nbd7 9. b4 0-0 10. Bb2 Ne4 11. c5 Nxd2 12. Nxd2 Qc7 13. Qb3 a6 14. Rfe1 Bh7 15. a4 Rfb8 16. a5 Rf8 17. e4 dxe4 18. Nxe4 Nf6 19. Bc1 Qd7 20. Bf4 Nxe4 21. Bxe4 Bxe4 22. Rxe4 Rfd8 23. Rae1 Qd5 24. Qc3 Rd7 25. g4 Bf6 26. Bd6 Rad8 27. h3 Rxd6 28. cxd6 Rxd6 29. Qc5 Bxd4 30. Qxd5 Rxd5 31. Kf1 e5 32. Kg2 Rb5 33. f4 f6 34. fxe5 fxe5 35. g5 hxg5 36. h4 gxh4 37. Rxh4 Rxb4 38. Reh1 Rb2+ 39. Kf3 Kf7 40. Rf1 Ke6 41. Rg4 Rb5 42. Ke4 Kd6 43. Rg6+ Kc5 44. Rc1+ Kb4 45. Ra1 Bxa1 0-1

[Event "Shenzhen Guangming"]
[Site "Shenzhen"]
[Date "2024.10.28"]
[Round "5"]
[White "Zhao, Liming"]
[Black "Gong, Changda"]
[Result "0-1"]
[WhiteElo "1818"]
[BlackElo "2152"]
[PlyCount "114"]
[EventDate "2024.10.26"]
[EventType "swiss"]
[EventRounds "9"]
[EventCountry "CHN"]
[SourceTitle "CB45_2024"]
[Source "ChessBase"]
[SourceDate "2024.11.06"]
[SourceVersion "1"]
[SourceVersionDate "2024.11.06"]
[SourceQuality "1"]

1. d4 d5 2. c4 e6 3. Nf3 Nf6 4. g3 dxc4 5. Bg2 c5 6. Qa4+ Nbd7 7. dxc5 Bxc5 8. Qxc4 a6 9. Qc2 0-0 10. 0-0 Qe7 11. Nc3 Rb8 12. Bf4 e5 13. Bg5 Qe6 14. Bxf6 Nxf6 15. Ng5 Qf5 16. Nge4 Be7 17. Nxf6+ Bxf6 18. Qxf5 Bxf5 19. Nd5 Bd8 20. h4 f6 21. b4 Be6 22. e4 g5 23. Rfd1 gxh4 24. gxh4 f5 25. exf5 Bxf5 26. Re1 Bxh4 27. Rxe5 Bd7 28. f4 Rbe8 29. Rh5 Bd8 30. Bf3 Rf5 31. Rxf5 Bxf5 32. Rc1 Kg7 33. Kg2 Kg6 34. Rh1 Re6 35. Rd1 b5 36. Ne3 Rxe3 37. Rxd8 Ra3 38. Bd5 Bb1 39. Rg8+ Kf5 40. Rg3 Ra4 41. a3 Kxf4 42. Bc6 Ke5 43. Be8 Kd4 44. Rb3 Bc2 45. Rh3 Bd3 46. Bf7 Rxa3 47. Rh4+ Kc3 48. Bg8 Ra4 49. Rh3 Rxb4 50. Bxh7 Rb2+ 51. Kg1 Rd2 52. Bg8 a5 53. Rh6 a4 54. Ra6 Kb2 55. Bf7 a3 56. Ra8 Bc4 57. Bxc4 bxc4 0-1

[Event "Shenzhen Guangming"]
[Site "Shenzhen"]
[Date "2024.10.27"]
[Round "3"]
[White "Wang, Zekai"]
[Black "Zhao, Liming"]
[Result "1/2-1/2"]
[WhiteElo "1531"]
[BlackElo "1818"]
[PlyCount "76"]
[EventDate "2024.10.26"]
[EventType "swiss"]
[EventRounds "9"]
[EventCountry "CHN"]
[SourceTitle "CB45_2024"]
[Source "ChessBase"]
[SourceDate "2024.11.06"]
[SourceVersion "1"]
[SourceVersionDate "2024.11.06"]
[SourceQuality "1"]

1. e4 c6 2. d4 d5 3. e5 Bf5 4. h4 h5 5. Bd3 Bxd3 6. Qxd3 Qa5+ 7. Nd2 e6 8. Ngf3 Nh6 9. 0-0 Nf5 10. Nb3 Qa6 11. Qd1 Nd7 12. Bg5 c5 13. c3 f6 14. Bf4 Kf7 15. g3 Be7 16. Re1 Rag8 17. Qd2 Qb6 18. Rad1 cxd4 19. Nfxd4 Nxd4 20. Nxd4 Nc5 21. exf6 gxf6 22. Qe3 Ne4 23. f3 e5 24. fxe4 exf4 25. Qxf4 Rg4 26. Qf5 Rxg3+ 27. Kh2 Rg4 28. Qxd5+ Ke8 29. Qb5+ Qxb5 30. Nxb5 Rhg8 31. Rd3 a6 32. Nc7+ Kf7 33. Ree3 Rg2+ 34. Kh3 Rxb2 35. Rd7 Rb1 36. Kh2 Rb2+ 37. Kh3 Rb1 38. Kh2 Rb2+ 1/2-1/2

[Event "Binhai Cup-B 4th"]
[Site "Binhai"]
[Date "2024.08.22"]
[Round "8"]
[White "Zhao, Liming"]
[Black "Wu, Yihan"]
[Result "1-0"]
[WhiteElo "1874"]
[BlackElo "1675"]
[PlyCount "91"]
[EventDate "2024.08.18"]
[EventType "swiss"]
[EventRounds "9"]
[EventCountry "CHN"]
[SourceTitle "CBM 221 Extra"]
[Source "ChessBase"]
[SourceDate "2024.09.30"]
[SourceVersion "1"]
[SourceVersionDate "2024.09.30"]
[SourceQuality "1"]

1. d4 Nf6 2. c4 e6 3. g3 Bb4+ 4. Bd2 Bxd2+ 5. Nxd2 d6 6. Ngf3 Nc6 7. e4 e5 8. d5 Ne7 9. Bg2 0-0 10. 0-0 a5 11. Ne1 Nd7 12. Nd3 f5 13. f4 exf4 14. Rxf4 Ne5 15. Nxe5 dxe5 16. Rf2 Qd6 17. Qc2 b6 18. Raf1 g6 19. c5 Qxc5 20. Qxc5 bxc5 21. exf5 Rb8 22. fxg6 Nxg6 23. Rxf8+ Nxf8 24. b3 Ba6 25. Rc1 Nd7 26. Bh3 Rd8 27. Ne4 Bd3 28. Nxc5 Nxc5 29. Rxc5 e4 30. Bf5 Rf8 31. g4 h5 32. h3 hxg4 33. hxg4 a4 34. Rxc7 axb3 35. axb3 Rf6 36. Rc6 Kf7 37. Kf2 Ke7 38. Ke3 Rf8 39. d6+ Kf6 40. d7+ Ke7 41. Rc8 Rd8 42. Rxd8 Kxd8 43. g5 Bb5 44. g6 Bxd7 45. Bxd7 Kxd7 46. g7 1-0

[Event "CHN-ch U12"]
[Site "Shanghai"]
[Date "2024.02.20"]
[Round "10"]
[White "Yin, Zijun"]
[Black "Zhao, Liming"]
[Result "0-1"]
[WhiteElo "1258"]
[BlackElo "1865"]
[PlyCount "90"]
[EventDate "2024.02.16"]
[EventType "swiss"]
[EventRounds "11"]
[EventCountry "CHN"]
[SourceTitle "CBM 218 Extra"]
[Source "ChessBase"]
[SourceDate "2024.03.31"]
[SourceVersion "1"]
[SourceVersionDate "2024.03.31"]
[SourceQuality "1"]

1. c4 Nf6 2. Nc3 e6 3. e4 d5 4. e5 d4 5. exf6 dxc3 6. bxc3 Qxf6 7. d4 Qd8 8. Nf3 Be7 9. Bd3 0-0 10. 0-0 c5 11. Qc2 h6 12. Rd1 Qc7 13. Be3 Nd7 14. Rac1 Nf6 15. h3 b6 16. Ne5 Bb7 17. Bf4 Bd6 18. Bh2 Rad8 19. Re1 Qc8 20. Rcd1 cxd4 21. cxd4 Bb4 22. Rf1 Qa8 23. f3 Rxd4 24. Kh1 Rdd8 25. Qb2 Bc5 26. Bb1 Rxd1 27. Rxd1 Rd8 28. Re1 Nd7 29. Nxd7 Rxd7 30. Qc2 Kf8 31. Qh7 Bd4 32. Be4 Bxe4 33. Rxe4 Qc6 34. Bg3 Qxc4 35. Re1 Bf6 36. Kh2 Qxa2 37. Rc1 Bd4 38. Rc8+ Ke7 39. Qh8 Qa1 40. h4 Qg1+ 41. Kh3 Qh1+ 42. Kg4 Qxg2 43. Qe8+ Kf6 44. Qxd7 h5+ 45. Kf4 Qd2+ 0-1